[Event "British KO-ch 2018"]
[Site "London"]
[Date "2018.12.13"]
[Round "2.5"]
[White "Jones, Gawain C B"]
[Black "Howell, David W L"]
[Result "1-0"]
[WhiteElo "2682"]
[BlackElo "2696"]
[Annotator "TA"]
[PlyCount "127"]
[EventDate "2018.12.08"]
[EventType "k.o."]
[EventCountry "ENG"]
[SourceTitle "playchess.com"]
[Source "ChessBase"]
[SourceQuality "1"]

{[%evp 11,127,57,45,29,38,15,15,6,39,2,31,-55,-43,-2,-4,-11,0,0,14,0,85,60,57,-54,-54,-91,-78,-70,-75,-58,-63,-64,-58,-67,0,-25,0,0,50,-33,-44,-37,-37,-46,-21,-27,-23,-38,0,-26,0,-104,0,-69,0,0,10,-60,-43,-50,0,0,0,0,0,0,14,-24,72,57,58,58,33,0,201,227,420,425,392,398,362,264,272,260,1065,364,328,30,79,31,97,97,138,136,648,644,1127,1126,1080,978,915,628,1093,1077,859,803,1649,1608,29952,29958,29963,29966,29964,29963,29968,29969,29961,29960]} 1. e4 c6 2. d4 d5 3. Nc3 g6 4. e5 Bg7 5. f4 Nh6 {[%cal Bg8h6,Bh6f5,Bf5g3][%mdl 32]} 6. Nf3 O-O {LiveBook: 66 Games} 7. h3 {B15: Caro-Kann: 3 Nc3: 3...g6 and 3...dxe4 4 Nxe4 Nf6 5 Nxf6+ exf6} (7. Be2 f6 8. O-O Bg4 9. h3 Bxf3 10. Bxf3 e6 11. Ne2 c5 12. c4 Nc6 13. cxd5 exd5 14. dxc5 fxe5 15. Qxd5+ Kh8 16. fxe5 Nf5 17. Qxd8 Raxd8 18. Bf4 {1-0 (65) Saric,I (2660)-Anton Guijarro,D (2627) Almaty 2016}) 7... Nf5 8. Bd3 {With the idea g4.} Ng3 9. Rg1 {White wants to play Kf2.The position is equal.} f5 $146 ({Predecessor:} 9... Bf5 10. Be3 e6 11. Bf2 Ne4 12. Bxe4 Bxe4 13. Nxe4 dxe4 {1-0 (57) Vlasak,L (2375)-Vedral,O (2268) Klatovy 2014}) 10. Bd2 b6 11. Nh2 (11. Be3 $14) 11... c5 12. Be3 cxd4 13. Bxd4 Nc6 14. Nf3 Bb7 15. Bb5 Rc8 (15... e6 $11) 16. Bf2 Ne4 17. Nxe4 (17. Qxd5+ $14 Qxd5 18. Nxd5) 17... fxe4 $15 18. Bxc6 $1 Rxc6 19. Nd4 Rxf4 20. Be3 Rf8 21. Nxc6 Bxc6 22. Qg4 Rf5 (22... Bd7 $1 $15 23. Qe2 e6) 23. O-O-O Qc7 24. Rgf1 $1 {[%cal Rf1f5]} Bd7 (24... Rxe5 $6 25. Bd4 $16) 25. Qe2 (25. Rxf5 $14 Bxf5 26. Qe2) 25... Rxf1 (25... Rxe5 26. g4 $14 (26. Qf2 Rf5 $17)) 26. Qxf1 Qxe5 27. c3 Qd6 28. Qa6 Qg3 $1 {[%csl LRe3,LRg2][%mdl 64] Double Attack} 29. Qe2 Be6 30. Kb1 h5 31. Qf2 (31. Rf1 $11) 31... Qd6 ({Better is} 31... Qxf2 $17 32. Bxf2 Bh6) 32. Bd4 (32. Qf4 $11) 32... Bxd4 (32... Bf5 $1 $15 33. Ka1 e5) 33. Qxd4 {[%mdl 4096] Endgame KQR-KQB} Bf7 34. a4 (34. Qf2 $11) 34... Qg3 35. Qd2 Qe5 36. Re1 Kh7 37. Qe3 Be6 38. Rf1 Bf5 39. Rf4 Qd6 (39... g5 $11 {remains equal.} 40. Rf2 Kg6) 40. g4 $1 $16 {[%cal Rg4f5]} hxg4 41. hxg4 Be6 42. g5 {[%mdl 1024] White has compensation.} Qe5 $2 (42... Bf5 $11) 43. Qg3 $1 $18 {White wants to mate with Rh4+.} Qg7 $2 (43... Qd6 {was necessary.} 44. Rh4+ Kg7 45. Qxd6 exd6) 44. Rh4+ Kg8 45. Qb8+ Kf7 46. Rh8 {[%csl Gh8][%cal Rb8e8]} (46. Qxa7 e3 $18) 46... Bd7 47. Rd8 Bxa4 $2 ({Of course not} 47... Bf5 $6 48. Ka2 $16) (47... Be6 48. Ka1 (48. Qxa7 Qe5 $16) 48... e3 49. Qf4+ Bf5 50. Qxe3 (50. Rxd5 Qh8 $16) 50... Qh7) 48. Qxa7 $2 (48. Qf4+ Ke6 49. c4 $1 {[%mdl 512]}) 48... Bb5 49. Qxb6 $2 (49. Qc7 $18) 49... Bd3+ $11 50. Ka2 {Hoping for Qc6.} Qe5 {[#]} (50... Bc4+ $1 $14 51. Ka3 Qe5) 51. Qf2+ $1 $16 Qf5 52. Qd4 $36 {[%mdl 2048] White is really pushing.} Bc4+ $2 {[%mdl 8192]} (52... Ke6 $16 53. Qb6+ Kf7) 53. b3 $18 Bd3 54. Qxd5+ Qxd5 55. Rxd5 {KR-KB} Ke6 56. Rd8 Ba6 57. Kb2 e3 58. Kc2 Kf5 59. c4 Kxg5 60. Kd3 {White mates.} Kf4 61. Rf8+ Ke5 62. Kxe3 g5 63. Ra8 Bb7 64. Ra7 {Accuracy: White = 51%, Black = 24%.} 1-0

[Event "British KO-ch 2018"]
[Site "London"]
[Date "2018.12.13"]
[Round "2.6"]
[White "Howell, David W L"]
[Black "Jones, Gawain C B"]
[Result "0-1"]
[WhiteElo "2696"]
[BlackElo "2682"]
[Annotator "TA"]
[PlyCount "207"]
[EventDate "2018.12.08"]
[EventType "k.o."]
[EventCountry "ENG"]
[SourceTitle "playchess.com"]
[Source "ChessBase"]
[SourceQuality "1"]

{[%evp 14,207,0,0,0,0,0,0,0,0,0,0,0,0,0,-29,0,-23,0,0,0,0,26,32,32,26,19,32,102,68,86,39,33,43,144,39,140,91,128,96,158,103,177,81,78,74,88,65,131,119,221,163,216,181,174,160,161,58,65,49,63,70,68,15,85,10,0,10,37,0,0,0,0,0,355,-14,-14,-20,-25,-23,-6,0,0,0,0,0,8,8,8,8,17,0,8,8,8,8,8,8,8,8,8,8,8,0,0,0,0,0,0,0,8,6,8,8,8,0,0,0,0,0,0,-12,-12,-20,-20,-20,-20,-20,-20,-20,-20,-20,-20,-24,-24,-24,-24,-24,-24,-24,-24,-24,0,-24,-24,-24,-24,-24,-24,-24,-24,-24,-24,-24,-24,-24,-24,-24,-24,-24,0,-24,-24,-24,-24,-24,-24,-24,-24,-24,-24,-24,-24,-24,-24,-24,-24,-24,-24,-24,-24,-24,-24,-24,-24,-24,-24,-24,-24,-24,-24,-24,-24,-29986,-29987,-29989]} 1. Nf3 Nf6 2. d4 g6 3. Bg5 Bg7 4. c3 O-O 5. Nbd2 d5 6. e3 Nbd7 7. h3 Re8 {D03: 1 d4 d5 2 Nf3 Nf6 3 Bg5, including Torre Attack with early ...d5} 8. Bf4 {LiveBook: 32 Games} Nh5 9. Bh2 e5 {The position is equal.} 10. g4 {dxe5 is the strong threat.} exd4 11. gxh5 dxe3 12. fxe3 Rxe3+ 13. Kf2 {[#]} Bh6 $146 ({Predecessor:} 13... Re8 14. Kg2 Nc5 15. Rg1 {1-0 (31) Kolev,A (2579)-Cheparinov,I (2686) Kozloduy 2014}) 14. hxg6 hxg6 15. Kg2 $1 Nf6 16. Rg1 Bf5 17. Kh1 Qd7 18. Ne5 $1 {[%cal Re5d7]} Qe7 19. Ng4 Nxg4 20. hxg4 Bd3 ({Better is} 20... Be6 $14) 21. Rg2 Re8 22. Bxd3 Rxd3 23. Qc2 Qe3 ({Black should play} 23... Re3 $14) 24. Nf1 (24. Rg3 $1 $16 {[%cal Rg3e3]} Qxg3 25. Bxg3 Rxg3 26. Nf1 Rxg4 27. Nh2) 24... Qf3 (24... Qh3 $1 $14) 25. Qf2 Qe4 26. Bxc7 Rh3+ {[#]} (26... d4 $142) 27. Kg1 (27. Bh2 $142 $1) 27... Bg5 (27... b6 $16 28. Bd6 Re6) 28. Rh2 (28. Qxa7 $18 {is more deadly.} b5 29. Bb6) 28... Rxh2 $16 29. Bxh2 Qxg4+ 30. Qg2 Qf5 (30... Qxg2+ $14 31. Kxg2 Re2+ 32. Kf3 Rxb2) 31. Rd1 Rd8 (31... d4 $16) 32. Ng3 Qg4 (32... Qe6 $142 33. Kh1 b6) 33. Qe2 Qa4 34. b3 Qa5 35. Qc2 ({White should try} 35. Rd3 $18) 35... Rc8 $14 36. Rd3 d4 37. c4 $1 Be3+ 38. Kg2 (38. Kh1 $14) 38... b5 (38... Qg5 $11 {remains equal.}) 39. Qe2 (39. Nf1 $16) 39... bxc4 $11 40. bxc4 Qa4 41. Ne4 Rxc4 42. Rb3 {And now Rb8+ would win.} Qc6 43. Qf3 {Hoping for Rb8+.} f5 $2 {[%mdl 8192]} (43... Rc2+ $11 {and Black stays safe.} 44. Kh1 f5 45. Nf6+ Kf7 46. Qxc6 Rxc6) 44. Nf2 $2 ({Only move:} 44. Rb8+ $18 Kf7 45. Nd6+ {[%mdl 64] Double Attack} Kf6 46. Nxc4 Qxc4 47. Kh3) 44... Qxf3+ 45. Kxf3 Rc2 46. Bg1 Rxa2 47. Nh3 g5 {[%cal Bg6g5,Bg5g4][%mdl 32]} 48. Bxe3 g4+ {[%mdl 64] Double Attack} 49. Kg3 {Strongly threatening Rb8+.} gxh3 50. Bxd4 {[%mdl 4096] Endgame KRB-KR} h2 $132 {[%mdl 2048] Black has counterplay} 51. Rb1 a5 52. Rf1 Rd2 53. Bf2 a4 54. Kxh2 a3 55. Kg3 a2 56. Rc1 Rc2 57. Rd1 Rd2 58. Re1 Kf7 59. Kf3 Rb2 60. Ra1 Ke6 61. Bd4 Rd2 62. Ke3 Rh2 63. Kd3 Kd5 64. Bg7 f4 {[%cal Bf5f4,Bf4f3][%mdl 32]} 65. Kc3 $1 Ke4 66. Kb3 f3 67. Bb2 Re2 68. Rh1 f2 {aiming for ...Re1.} 69. Rf1 Kf3 70. Kxa2 Kg2 71. Rxf2+ Kxf2 {KR-KB} 72. Kb3 Kf3 73. Bd4 Ke4 74. Kc4 Rc2+ 75. Bc3 Rc1 76. Kb4 Kd3 77. Be5 Ke4 (77... Rc2 {seems wilder.} 78. Kb5 Ke4 79. Bg3 Kd5 80. Kb6 Rg2) 78. Bg7 Kd5 79. Bf6 Rc4+ 80. Kb5 Rc5+ 81. Kb4 Rc6 82. Bg7 Rb6+ 83. Kc3 Rg6 84. Bh8 Ke4 85. Kc4 Rc6+ 86. Kb4 Kd5 87. Bg7 Rc4+ 88. Kb3 Rc7 89. Bf6 Kc5 90. Kc3 Rf7 91. Bh8 Rf3+ 92. Kd2 Kd5 93. Bg7 Rg3 94. Bf6 Ke4 95. Bh8 Rd3+ 96. Kc2 Ke3 97. Bf6 Ke2 98. Bg7 Rd7 99. Be5 Rd5 100. Bc3 Rc5 101. Kb3 Kd3 102. Bb4 Rb5 103. Ka4 $2 {[%mdl 8192] [#]} (103. Ka3 $11) 103... Kc4 $1 104. Ba3 {Accuracy: White = 53%, Black = 58%.} 0-1

[Event "British KO-ch 2018"]
[Site "London"]
[Date "2018.12.13"]
[Round "2.6"]
[White "McShane, Luke"]
[Black "Adams, Michael"]
[Result "0-1"]
[WhiteElo "2664"]
[BlackElo "2703"]
[Annotator "TA"]
[PlyCount "138"]
[EventDate "2018.12.08"]
[EventType "k.o."]
[EventCountry "ENG"]
[SourceTitle "playchess.com"]
[Source "ChessBase"]
[SourceQuality "1"]

{[%evp 18,138,5,8,12,-87,-83,-121,-99,-103,-70,-101,-101,-105,-41,-42,-41,-73,0,0,0,-8,36,36,46,56,48,29,100,128,147,145,137,137,283,267,258,268,284,282,291,283,237,212,1551,551,546,527,541,378,452,307,577,514,681,-225,-264,-233,-259,-231,-217,-318,-37,-37,-27,-59,-59,-58,-52,-56,-29,-297,-295,-294,-275,-264,-217,-210,-212,-209,-200,-187,-81,-80,-77,-77,-76,-433,-392,-766,-760,-3151,-2998,-2772,-2438,-1968,-1739,-1309,-924,-879,-340,-828,-825,-822,-777,-806,-766,-759,-749,-759,-752,-759,-700,-658,-333,-793,-1488,-795,-749,-646,-610,-29977,-29978]} 1. e4 e5 2. Nf3 Nc6 3. Bb5 a6 4. Ba4 Nf6 5. O-O Bc5 6. c3 b5 7. Bb3 d6 8. d4 Bb6 9. Re1 {C78: Ruy Lopez: Archangelsk and Möller Defences} (9. a4 Rb8 10. a5 Ba7 11. h3 O-O 12. Be3 Ra8 13. Nbd2 h6 14. Re1 Re8 15. Qc2 exd4 16. Nxd4 Nxd4 17. cxd4 c5 {1-0 (63) Saric,I (2689)-Maghsoodloo,P (2649) Batumi 2018}) 9... O-O 10. a4 {LiveBook: 4 Games} Bg4 11. dxe5 $146 (11. d5 $11 Na5 12. Bc2) ({Predecessor:} 11. d5 Na5 12. Bc2 c6 13. dxc6 Qc7 14. Nbd2 Qxc6 {1-0 (43) Georgiadis,I (2383)-Della Morte,G (2382) ICC INT 2009}) 11... Nxe5 $17 {Strongly threatening ...Nh5.} 12. Nbd2 Nd3 13. Rf1 Re8 14. h3 Bh5 15. Bc2 Nc5 (15... Ne5 $17 16. Re1 d5) 16. a5 Ba7 {[%cal Rc5e4]} 17. Re1 d5 (17... h6 $17) 18. e5 $11 Nfe4 19. Nxe4 dxe4 20. Qxd8 Raxd8 21. Nd4 Nd3 $1 {[%cal Rd3e1]} 22. Rxe4 Nxe5 (22... Nb4 $1 $11 {remains equal.}) 23. Bf4 $16 f6 24. Bxe5 $1 fxe5 25. Bb3+ Kf8 (25... Bf7 $16 26. Bxf7+ Kxf7) 26. Ne6+ $18 Rxe6 27. Bxe6 Rd2 28. Rxe5 Bg6 29. Kh1 Rxb2 30. Rd1 Ke7 $2 (30... Bxf2 31. Bc8 Ra2 32. Bxa6 Rxa5) 31. Bc8+ (31. Bg8+ $142 Kf6 32. Rdd5) 31... Kf6 32. Re6+ Kg5 33. Bxa6 Bxf2 34. Bb7 Bc2 $2 (34... Ra2 35. a6 Ra3 36. Re5+ Kh6) 35. Ra1 Bb3 36. a6 $4 {[%mdl 8192]} (36. Re5+ $18 {and all is fine.} Kf6 37. Rxb5) 36... Bxe6 $19 37. a7 {[#]} Bxa7 $1 38. Rxa7 {[%mdl 4096] Endgame KRB-KRB} Rc2 39. Bc6 (39. Ra6 {was necessary.} Bc4 40. Rc6) 39... Bc4 $2 (39... Rxc3 $2 40. Bxb5 Bd5 41. Kh2 $17) (39... b4 $19 40. Rxc7 Rxc3 41. Rxg7+ Kf6) 40. Rxc7 $15 Kf6 ({Don't go for} 40... Rxc3 $2 41. Bxb5 $1 {[%mdl 512]} Bxb5 42. Rxc3 $18) 41. Rb7 Rxc3 42. Bxb5 {White wants to play Rc7.} Bd5 43. Rb6+ Ke5 {White must now prevent ...Rxh3+.} 44. Kg1 $2 {[%mdl 8192]} (44. Bd7 $11) 44... Rb3 $19 45. Rb8 {White hopes to continue with Re8+.} Kd4 46. Kh2 Kc5 47. Rh8 Rxb5 48. Rxh7 {KRB-KR} Rb7 49. Rh5 {[#]} Kd4 (49... Kd6 $1 $19 {has better winning chances. Hoping for ...Kc5.} 50. g4 Rf7) 50. Rg5 $17 Be4 {aiming for ...Ke3.} 51. Kg3 Ke3 {And now ...Rb2 would win.} 52. Rg4 $2 {[%mdl 8192]} (52. h4 $17 {was the crucial defense.}) 52... Rb2 53. Kh2 $2 (53. Kh4 g6 54. Rg5) 53... g6 $19 54. Rg3+ Kf4 55. Rg4+ Kf5 56. Rg3 Ra2 57. Rg4 Bd5 58. Rg3 Be6 $2 (58... Rd2 59. Rg4 g5) 59. Rg4 $2 (59. Rd3) 59... Kf6 60. Rg3 Bf5 61. Rf3 Kg5 62. Rg3+ Kh6 63. Rf3 Re2 64. Rg3 Kg7 65. Rf3 Rd2 66. Rg3 $2 (66. Rf4) 66... Rd3 67. Rg5 Kf6 68. h4 Rd4 69. g3 Rg4 {Accuracy: White = 41%, Black = 39%.} 0-1

[Event "British KO-ch 2018"]
[Site "London"]
[Date "2018.12.13"]
[Round "2.7"]
[White "Adams, Michael"]
[Black "McShane, Luke"]
[Result "1-0"]
[WhiteElo "2703"]
[BlackElo "2664"]
[Annotator "TA"]
[PlyCount "73"]
[EventDate "2018.12.08"]
[EventType "k.o."]
[EventCountry "ENG"]
[SourceTitle "playchess.com"]
[Source "ChessBase"]
[SourceQuality "1"]

{[%evp 17,73,25,47,4,25,7,22,0,34,24,50,50,61,17,23,-22,25,10,64,56,63,16,128,99,300,289,516,506,474,500,797,766,775,784,860,938,931,932,928,930,908,904,838,689,668,578,569,548,544,537,537,537,492,483,718,685,5728,5735]} 1. e4 e5 2. Nf3 Nc6 3. Bc4 Nf6 4. d3 h6 5. O-O d6 6. a4 g6 {C55: Two Knights: 4 d3, 4 d4 exd4 5 e5 and Max Lange Attack} 7. Re1 (7. d4 exd4 8. Nxd4 Nxd4 9. Qxd4 Bg7 10. Nc3 O-O 11. Qd3 Re8 12. Ba2 Be6 13. Bxe6 Rxe6 14. f3 {0-1 (37) Fedorchuk,S (2624)-Ivanchuk,V (2722) Sibenik 2016}) 7... Bg7 8. c3 O-O 9. Nbd2 a6 {LiveBook: 3 Games} 10. Bb3 $146 ({Predecessor:} 10. a5 Nb8 11. d4 exd4 12. cxd4 d5 13. exd5 Nxd5 14. Qb3 c6 15. Ne4 Ra7 16. Bd2 Nd7 17. Rac1 N7f6 18. Nxf6+ Nxf6 19. Bb4 b5 20. axb6 Qxb6 21. Bxf8 {1-0 (21) Goganov,A (2608)-Aminov,A (2255) Voronezh 2015}) 10... d5 11. a5 Be6 12. Ba4 Nxa5 13. Nxe5 dxe4 14. dxe4 c5 15. Qe2 Qc7 16. Nef3 Nh5 17. e5 Nf4 (17... b5 $11 18. Bc2 Nf4) 18. Qe4 $14 Nd5 19. Nf1 {[%cal Bd2f1,Bf1g3,Bg3e4,Be4g5][%mdl 32]} Rad8 (19... b5 $11 {keeps the balance.} 20. Bc2 Nc6) 20. Ng3 Nb6 $2 {[#]} (20... b5 $16 {was necessary.}) 21. Qh4 $1 $18 Bd5 $2 (21... h5 22. Nxh5 gxh5) 22. Bxh6 {White is clearly winning.} Bxf3 23. gxf3 {And now Bxg7 would win.} ({Not} 23. Bxg7 Kxg7 24. gxf3 Nxa4 $18) 23... Bxe5 (23... Nd5 $142 24. Bc2 Rfe8) 24. Ne4 {White wants to mate with Nf6+.} Nd5 25. Rad1 Nf4 26. Bxf8 Rxf8 27. Rd7 Qb8 28. Ng5 {[%csl Gg5][%cal Rh4h7]} Nh5 {[#]} 29. Nxf7 $1 {[%mdl 512]} Bxh2+ (29... Rxf7 30. Rd8+) 30. Qxh2 Qxh2+ 31. Kxh2 Rxf7 32. Rxf7 Kxf7 {KRB-KNN} 33. Re5 b6 34. b4 cxb4 35. cxb4 Nb7 (35... Kf6 $142 36. Re4 (36. bxa5 Kxe5 37. axb6 Kd6 $14) 36... Nb7) 36. Bb3+ Kg7 37. Re7+ {[%mdl 64] Double Attack. Accuracy: White = 60%, Black = 22%.} 1-0

[Event "British KO-ch 2018"]
[Site "London"]
[Date "2018.12.13"]
[Round "2.7"]
[White "Jones, Gawain C B"]
[Black "Howell, David W L"]
[Result "1-0"]
[WhiteElo "2682"]
[BlackElo "2696"]
[Annotator "TA"]
[PlyCount "129"]
[EventDate "2018.12.08"]
[EventType "k.o."]
[EventCountry "ENG"]
[SourceTitle "playchess.com"]
[Source "ChessBase"]
[SourceQuality "1"]

{[%evp 21,129,51,64,62,66,66,67,65,66,47,55,0,0,-152,-157,-150,-145,-241,-235,-241,-218,-220,-193,-334,-255,-255,-251,-420,-411,-417,-358,-606,295,-656,-397,-381,-308,-439,-222,-557,-310,-443,-177,-1143,-994,-1027,-580,-549,93,100,681,679,654,673,839,826,774,525,520,527,508,508,602,594,605,595,640,563,553,545,622,625,629,618,639,639,737,724,725,716,802,795,784,770,738,698,652,647,615,606,582,584,579,579,675,647,731,710,829,794,1170,1105,936,746,1720,1497,1620,1924,1689,1487]} 1. e4 e5 2. Nf3 Nc6 3. Bc4 Nf6 4. d3 h6 5. O-O d6 6. c3 g6 7. d4 Qe7 8. Re1 Bg7 9. Nbd2 O-O 10. h3 Nh7 11. Nf1 {C55: Two Knights: 4 d3, 4 d4 exd4 5 e5 and Max Lange Attack} Ng5 {LiveBook: 10 Games} (11... exd4 12. cxd4 Ng5 13. N1h2 Bd7 14. Bxg5 hxg5 15. Qd2 Rae8 16. Bb5 a6 17. Bc4 Qf6 18. Rad1 Qf4 {½-½ (40) Bologan,V (2620)-Akopian,V (2646) Bastia 1999}) 12. Nxg5 hxg5 13. d5 {White is slightly better.} Nb8 14. Bd3 Nd7 15. Ne3 $146 ({Predecessor:} 15. Be3 a5 16. Qe2 f6 17. Rac1 a4 18. b4 axb3 19. axb3 {1-0 (44) Muratovic,A (2487)-Marholev,D (2396) Bosilegrad 2009}) 15... a5 16. b4 (16. Bc2 $14) 16... f5 $11 17. exf5 $2 ({White should try} 17. Nf1 $11) 17... e4 $17 {[%cal Be5e4,Be4d3,Bd3d2][%mdl 32]} 18. fxg6 Bxc3 {[%mdl 64] Double Attack} ({But not} 18... exd3 $2 19. Nf5 $1 $18 {[%mdl 512]}) 19. Bd2 (19. Ng4 $17 Bxa1 20. Rxe4) 19... Bxd2 $1 $19 20. Qxd2 exd3 21. Nf5 {Nh6+ would kill now.} Qf6 {[%mdl 64] Double Attack} 22. Ne7+ (22. Nh6+ {was the only chance.} Kh8 23. Nf7+ Kg7 24. Nxg5) 22... Kg7 23. Rac1 Qf4 $1 {[%cal Rf4d2]} 24. Qb2+ $2 (24. Qxd3 Qxf2+ {[%mdl 64] Double Attack} 25. Kh1) 24... Ne5 $1 25. Rxc7 d2 {[%cal Rd2e1]} 26. Nxc8+ $2 (26. Rf1 Bxh3 27. Nc6+ Kxg6 28. Nxe5+ dxe5 29. gxh3) 26... Kxg6 $4 {[%mdl 8192]} (26... Kh6 $19 {[%cal Rd2e1] and all is fine.} 27. Rh7+ Kxg6 28. Qb1+ Rf5 29. Ne7+ Kxh7) 27. Ne7+ $4 {[%mdl 8192]} (27. Qc2+ $18 Kf6 28. Rd1 Raxc8 29. Rxc8 Rxc8 30. Qxc8) 27... Kh6 {[%cal Rd2e1]} 28. Rf1 Rf7 29. Qc2 (29. Ng8+ {was worth a try.} Rxg8 30. Rxf7 Nxf7 31. Rd1) 29... Raf8 (29... Re8 $142 30. Ng8+ Kg7 31. Rxf7+ Nxf7) 30. f3 $2 ({Reject} 30. Rxb7 g4 $19) (30. bxa5 {is more resistant.} g4 31. hxg4 (31. Rxb7 gxh3 32. Rb3 hxg2 $19)) 30... axb4 31. Kh1 {[#]} (31. Rd7 $142 Qf6 32. Rxb7) 31... Qf6 $2 (31... g4 $1 {[%cal Rg4f3][%mdl 512]} 32. g3 (32. fxg4 Qxf1+) 32... Qe3) 32. Nc8 $2 (32. Rxb7 Rxe7 33. Rxe7 Qxe7 34. Qxd2) 32... Rxc7 {[%mdl 64] Overworked Piece} 33. Qxc7 Nd3 34. Nxd6 {[#] Hoping for Ne4.} Ne1 $2 (34... Nf2+ $1 $19 {[%mdl 512]} 35. Kg1 (35. Rxf2 d1=Q+) 35... d1=Q 36. Rxd1 Nxd1) 35. Ne4 $16 {[%mdl 64] Double Attack} Qb2 $2 {[%mdl 8192]} (35... Qd8 $16 36. Qxd8 Rxd8 37. Nxd2 Nd3) 36. Qd6+ $18 {[%mdl 64] Double Attack. White is clearly winning.} Kg7 37. Qe7+ {[%mdl 64] Double Attack} Rf7 38. Qxg5+ {[%mdl 64] Double Attack} Kf8 39. Qxd2 Qxd2 40. Nxd2 {[%mdl 4096] Endgame KRN-KRN} Nd3 41. Ne4 Ke7 42. Rd1 Nf4 43. Rd4 Rf5 44. Rxb4 Rxd5 45. Rxb7+ Ke6 46. Rb1 Ra5 {[#]} 47. a4 $1 Kd7 (47... Rxa4 48. Nc5+) 48. h4 Kc6 49. g3 Nd3 50. Rd1 Nb2 51. Rc1+ Kd5 52. Kg2 Kd4 53. Rc2 Nd3 {Strongly threatening ...Ne1+.} 54. Rd2 Ke3 55. Ra2 Ne1+ 56. Kh3 Nxf3 {[#]} 57. Ng5 $1 Ne5 (57... Nxg5+ 58. hxg5) 58. h5 {[%cal Bh4h5,Bh5h6,Bh6h7][%mdl 32]} Nd3 59. Kh4 Ne5 60. h6 Ng6+ 61. Kh5 Nf8 62. Kg4 Rc5 63. Ra3+ Ke2 64. h7 Rc4+ 65. Kh5 {Accuracy: White = 37%, Black = 31%.} 1-0

[Event "British KO-ch 2018"]
[Site "London"]
[Date "2018.12.13"]
[Round "2.8"]
[White "Howell, David W L"]
[Black "Jones, Gawain C B"]
[Result "1/2-1/2"]
[WhiteElo "2696"]
[BlackElo "2682"]
[Annotator "TA"]
[PlyCount "94"]
[EventDate "2018.12.08"]
[EventType "k.o."]
[EventCountry "ENG"]
[SourceTitle "playchess.com"]
[Source "ChessBase"]
[SourceQuality "1"]

{[%evp 21,94,27,30,-43,-50,-55,-46,-46,-54,-83,-20,-7,-8,-1,15,15,20,0,0,8,21,9,10,-13,4,-9,-10,-16,9,11,13,9,23,18,39,16,53,15,16,3,36,16,80,75,91,85,91,83,73,32,85,20,113,75,100,0,94,0,101,106,94,93,97,66,82,0,0,0,0,0,0,0,0,0,0]} 1. c4 g6 2. Nf3 Bg7 3. d4 Nf6 4. g3 O-O 5. Bg2 c5 6. Nc3 d6 7. O-O Nc6 8. dxc5 dxc5 9. Bf4 Nh5 10. Be3 Nd4 11. Qc1 {E65: King's Indian: Fianchetto: 6...c5 7 0-0 without d5 by White} Be6 {LiveBook: 3 Games} (11... Qa5 12. Re1 Be6 13. Nd2 Rfd8 14. Nb3 Qb4 15. Nd5 Bxd5 16. cxd5 Rac8 17. Bd2 Qb5 18. Qd1 Nf6 {0-1 (58) Yevseev,D (2526)-Howell,D (2685) Tallinn 2016}) 12. b3 $146 (12. Rd1 $11) ({Predecessor:} 12. Rd1 Bxc4 13. g4 Bxe2 14. Bxd4 Bxd1 15. Bxg7 Nxg7 16. Nxd1 Ne6 17. Ne3 Rc8 18. Qc4 Nd4 {0-1 (40) Freisler,P (2351)-Meskovs,N (2273) Pardubice 2011}) 12... Qa5 $1 $15 {White must now prevent ...Nxf3+.} 13. Bxd4 {Black is slightly better.} cxd4 14. Nb5 Rad8 {aiming for ...d3.} 15. Qe1 {[#]} Qxe1 (15... Qb6 $1 $17) 16. Raxe1 $11 a6 17. Nc7 $36 {[%mdl 2048] White has the initiative.} Bc8 18. Nd5 Rfe8 19. Rd1 e6 20. Nb6 e5 21. Nxc8 Rxc8 22. Nd2 Rc7 23. e3 dxe3 24. fxe3 Nf6 25. Ne4 Nxe4 26. Bxe4 Bh6 27. Kf2 Kg7 28. g4 b5 29. Bd5 Bg5 30. Ke2 Ree7 31. Rc1 b4 (31... bxc4 $11 {remains equal.} 32. Rxc4 Rcd7) 32. a3 bxa3 33. Ra1 Re8 34. Rxa3 Rb8 35. Kd3 Rb6 {[#]} (35... e4+ $14 36. Kc3 (36. Kxe4 Re7+ 37. Kd4 Bxe3+ 38. Kd3 Bg5 $11) (36. Bxe4 Be7 $11) 36... Bf6+ 37. Kc2 Rb6) 36. h3 (36. e4 $1 $16) 36... Bf6 (36... e4+ $11 37. Kxe4 Re7+ 38. Kd3 Bxe3) 37. Kc2 Bg5 38. Kd3 Bf6 39. Kc2 Bg5 40. e4 Be3 41. Rfa1 Ra7 42. Ra5 Bd4 43. R1a2 (43. R1a3 $16) 43... Rf6 {The position is equal.} 44. c5 Rf2+ 45. Kb1 Rf1+ 46. Kc2 Rf2+ $1 47. Kb1 Rf1+ {Accuracy: White = 38%, Black = 43%.} 1/2-1/2

[Event "British KO-ch 2018"]
[Site "London"]
[Date "2018.12.13"]
[Round "2.8"]
[White "McShane, Luke"]
[Black "Adams, Michael"]
[Result "1-0"]
[WhiteElo "2664"]
[BlackElo "2703"]
[Annotator "TA"]
[PlyCount "57"]
[EventDate "2018.12.08"]
[EventType "k.o."]
[EventCountry "ENG"]
[SourceTitle "playchess.com"]
[Source "ChessBase"]
[SourceQuality "1"]

{[%evp 14,57,35,8,35,33,47,11,11,17,22,17,23,7,43,52,70,29,27,14,19,0,0,-46,-15,-31,0,0,0,-14,0,0,0,0,1070,1047,1047,1039,1037,1025,1535,1512,1373,1489,1885,1651]} 1. e4 e5 2. Nf3 Nc6 3. Bb5 a6 4. Ba4 Nf6 5. O-O b5 6. Bb3 Bc5 7. c3 d6 8. a4 {LiveBook: 552 Games. Hoping for axb5.} b4 {C78: Ruy Lopez: Archangelsk and Möller Defences} 9. d4 Ba7 10. h3 (10. Bg5 Rb8 11. Bd5 Ne7 12. dxe5 Nfxd5 13. exd5 O-O 14. exd6 Qxd6 15. c4 Nf5 16. Nbd2 {1-0 (41) Nepomniachtchi,I (2757)-Kramnik,V (2792) Dortmund 2018}) 10... O-O {The position is equal.} 11. Be3 $146 ({Predecessor:} 11. d5 Na5 12. Bc2 b3 13. Bd3 Nd7 14. c4 Nc5 15. Be3 f5 16. Bxc5 Bxc5 17. exf5 Bxf5 18. Bxf5 Rxf5 {1-0 (42) Kulon,K (2228)-Pon,N (2191) Vung Tau 2008}) 11... Bb7 12. Nbd2 bxc3 13. bxc3 {[%cal Bb2c3,Bc3d4][%mdl 32]} exd4 14. cxd4 h6 15. a5 Nb4 $1 16. Qb1 Rb8 17. e5 Nfd5 18. Qf5 Nxe3 19. fxe3 Bd5 (19... Bc8 $5 {[%cal Rc8f5]} 20. Qg6 d5 $15) 20. Bxd5 Nxd5 21. Qd3 dxe5 22. Nxe5 Nxe3 23. Nc6 $1 $36 {[%cal Rc6d8][%mdl 2048] White is pushing.} Qd5 $2 {[%mdl 8192]} ({Don't blunder} 23... Qg5 $2 24. Rf2 $18) (23... Qd6 $11 24. Rfc1 (24. Nxa7 Nxf1 25. Rxf1 Ra8 $17) 24... Rfe8 25. Nxa7 (25. Nxb8 Qg3 $17) 25... Qd5) 24. Ne7+ $18 {[%mdl 64] [#] Double Attack. White is clearly winning.} Kh8 25. Nxd5 Nxd5 26. Nf3 {[%cal Bd2f3,Bf3e5,Be5f7][%mdl 32]} c5 27. Qxa6 Ra8 28. Ne5 Kg8 {[#]} 29. Nxf7 $1 {Accuracy: White = 42%, Black = 45%.} 1-0